Statistiques concernant Les surnoms des villes du monde

Cliquez ici pour prendre le quiz!

Statistiques générales

  • Ce quiz a été pris 251 fois
  • Le résultat moyen est 10 sur 17

Statistiques - réponses

IndiceVille% Correct
La ville lumièreParis
91%
La ville éternelleRome
87%
La ville roseToulouse
85%
La cité PhocéenneMarseille
83%
La Venise du NordBruges
81%
La cité interditePékin
81%
La cité des papesAvignon
78%
La cité des dogesVenise
71%
La cité des angesLos Angeles
69%
La ville sainteJerusalem
66%
Fog CityLondres
62%
La perle du DanubeBudapest
62%
La cité des gonesLyon
59%
Le petit Paris des BalkansBucarest
27%
L'enfer du jeuMacao
24%
La cité de la joieCalcutta
13%
La ville aux cent clochersMontréal
6%

Distribution des résultats

Percentile par nombre de réponses

% des personnes avec chaque résultat

Votre développement - résultats

Vous n’avez pas pris ce quiz